कछुए की तरह / (Record no. 113475)

MARC details
000 -LEADER
fixed length control field 00993nam a22002537a 4500
005 - DATE AND TIME OF LATEST TRANSACTION
control field 20170124102953.0
010 ## - LIBRARY OF CONGRESS CONTROL NUMBER
LC control number B-039817
020 ## - INTERNATIONAL STANDARD BOOK NUMBER
Terms of availability 95.00
International Standard Book Number 8171195877
035 ## - SYSTEM CONTROL NUMBER
System control number B-039817
037 ## - SOURCE OF ACQUISITION
Source of stock number/acquisition Cen Lib/Ret
040 ## - CATALOGING SOURCE
Original cataloging agency DPL
Language of cataloging HN
082 ## - DEWEY DECIMAL CLASSIFICATION NUMBER
Classification number
Item number दानीरा
100 ## - MAIN ENTRY--PERSONAL NAME
Personal name दानी, राजेन्द्र
9 (RLIN) 42810
245 ## - TITLE STATEMENT
Title कछुए की तरह /
Statement of responsibility, etc राजेन्द्र दानी
246 ## - VARYING FORM OF TITLE
Title proper/short title Kachhua ki tarha /
Remainder of title by Rajendra Dani
260 ## - PUBLICATION, DISTRIBUTION, ETC. (IMPRINT)
Place of publication, distribution, etc नयी दिल्ली
Name of publisher, distributor, etc राधाकृष्ण प्रकाशन
Date of publication, distribution, etc 2001
270 ## - ADDRESS
Address ज़ी-17, जगतपुरी
City नयी दिल्ली
Postal code 110051
300 ## - PHYSICAL DESCRIPTION
Extent 119पृ.
Dimensions 21सेमी (सजिल्द)
650 ## - SUBJECT ADDED ENTRY--TOPICAL TERM
Topical term or geographic name as entry element हिन्दी साहित्य
9 (RLIN) 52410
650 ## - SUBJECT ADDED ENTRY--TOPICAL TERM
Topical term or geographic name as entry element कहानी संग्रह
9 (RLIN) 52411
650 ## - SUBJECT ADDED ENTRY--TOPICAL TERM
Topical term or geographic name as entry element Hindi literature
9 (RLIN) 52412
650 ## - SUBJECT ADDED ENTRY--TOPICAL TERM
Topical term or geographic name as entry element Story collection
9 (RLIN) 52413
942 ## - ADDED ENTRY ELEMENTS (KOHA)
Source of classification or shelving scheme Dewey Decimal Classification
Koha item type Hindi Books
Classification part
Call number suffix दानीरा
Holdings
Withdrawn status Lost status Damaged status Not for loan Home library Current library Date acquired Source of acquisition Cost, normal purchase price Total Checkouts Full call number Barcode Date last seen Copy number Cost, replacement price Price effective from Koha item type Public note Source of classification or shelving scheme Collection code Shelving location
Written off       Central Library Central Library 12/08/2015 Cen Lib/Ret 95.00   क दानीरा B-039817 12/08/2015 1 95.00 12/08/2015 Hindi Books Written off on approval by DLB (By Circulation); dtd 15-06-2023      
        Patel Nagar Patel Nagar 20/11/2018 BPPD/PUB 95.00   क दानीरा A-039818 20/11/2018   95.00 20/11/2018 Hindi Books   Dewey Decimal Classification Fiction General Stacks
        Shahdara Branch Shahdara Branch 10/04/2019 BPPD/PUB 95.00   क दानीरा B-039821 10/04/2019   95.00 10/04/2019 Hindi Books   Dewey Decimal Classification Fiction  

© Delhi Public Library
Hit Counter
free hit counter